<?xml version="1.0" encoding="UTF-8"?>
<record
    xmlns:xsi="http://www.w3.org/2001/XMLSchema-instance"
    xsi:schemaLocation="http://www.loc.gov/MARC21/slim http://www.loc.gov/standards/marcxml/schema/MARC21slim.xsd"
    xmlns="http://www.loc.gov/MARC21/slim">

  <leader>02618nam a22002657a 4500</leader>
  <controlfield tag="003">NALT</controlfield>
  <controlfield tag="005">20251125084554.0</controlfield>
  <controlfield tag="008">      s2550    th                  tha d</controlfield>
  <datafield tag="020" ind1=" " ind2=" ">
    <subfield code="a">9749453093</subfield>
  </datafield>
  <datafield tag="040" ind1=" " ind2=" ">
    <subfield code="a">NALT</subfield>
  </datafield>
  <datafield tag="041" ind1=" " ind2=" ">
    <subfield code="a">tha</subfield>
  </datafield>
  <datafield tag="090" ind1=" " ind2=" ">
    <subfield code="a">KT 60</subfield>
    <subfield code="b">&#xE2A;284&#xE01; 2550</subfield>
  </datafield>
  <datafield tag="100" ind1="0" ind2=" ">
    <subfield code="a">&#xE2A;&#xE21;&#xE28;&#xE31;&#xE01;&#xE14;&#xE34;&#xE4C; &#xE40;&#xE2D;&#xE35;&#xE48;&#xE22;&#xE21;&#xE1E;&#xE25;&#xE31;&#xE1A;&#xE43;&#xE2B;&#xE0D;&#xE48;</subfield>
    <subfield code="9">19138</subfield>
  </datafield>
  <datafield tag="245" ind1="1" ind2="0">
    <subfield code="a">&#xE40;&#xE01;&#xE23;&#xE47;&#xE14;&#xE01;&#xE0E;&#xE2B;&#xE21;&#xE32;&#xE22; &#xE27;&#xE34;. &#xE2D;&#xE32;&#xE0D;&#xE32; /</subfield>
    <subfield code="c">&#xE2A;&#xE21;&#xE28;&#xE31;&#xE01;&#xE14;&#xE34;&#xE4C; &#xE40;&#xE2D;&#xE35;&#xE48;&#xE22;&#xE21;&#xE1E;&#xE25;&#xE31;&#xE1A;&#xE43;&#xE2B;&#xE0D;&#xE48;.</subfield>
  </datafield>
  <datafield tag="250" ind1=" " ind2=" ">
    <subfield code="a">&#xE1E;&#xE34;&#xE21;&#xE1E;&#xE4C;&#xE04;&#xE23;&#xE31;&#xE49;&#xE07;&#xE17;&#xE35;&#xE48; 4.</subfield>
  </datafield>
  <datafield tag="260" ind1=" " ind2=" ">
    <subfield code="a">&#xE01;&#xE23;&#xE38;&#xE07;&#xE40;&#xE17;&#xE1E;&#xE2F; : </subfield>
    <subfield code="b">&#xE1A;&#xE31;&#xE13;&#xE11;&#xE34;&#xE15;&#xE2D;&#xE31;&#xE01;&#xE29;&#xE23;, </subfield>
    <subfield code="c">2550.</subfield>
  </datafield>
  <datafield tag="300" ind1=" " ind2=" ">
    <subfield code="a">375 &#xE2B;&#xE19;&#xE49;&#xE32; :</subfield>
    <subfield code="b">&#xE41;&#xE1C;&#xE19;&#xE20;&#xE39;&#xE21;&#xE34; ;</subfield>
    <subfield code="c">26 &#xE0B;&#xE21;.</subfield>
  </datafield>
  <datafield tag="505" ind1=" " ind2="2">
    <subfield code="a">&#xE1C;&#xE39;&#xE49;&#xE40;&#xE2A;&#xE35;&#xE22;&#xE2B;&#xE32;&#xE22; (&#xE21;.2 (4)) -- &#xE04;&#xE33;&#xE23;&#xE49;&#xE2D;&#xE07;&#xE17;&#xE38;&#xE01;&#xE02;&#xE4C; (&#xE21;.2 (7)) -- &#xE1C;&#xE39;&#xE49;&#xE21;&#xE35;&#xE2D;&#xE33;&#xE19;&#xE32;&#xE08;&#xE08;&#xE31;&#xE14;&#xE01;&#xE32;&#xE23;&#xE41;&#xE17;&#xE19;&#xE1C;&#xE39;&#xE49;&#xE40;&#xE2A;&#xE35;&#xE22;&#xE2B;&#xE32;&#xE22; (&#xE21;.3 - 15) -- &#xE2D;&#xE33;&#xE19;&#xE32;&#xE08;&#xE01;&#xE32;&#xE23;&#xE2A;&#xE37;&#xE1A;&#xE2A;&#xE27;&#xE19; &#xE01;&#xE32;&#xE23;&#xE2A;&#xE2D;&#xE1A;&#xE2A;&#xE27;&#xE19; (&#xE21;.17 - 21) -- &#xE40;&#xE02;&#xE15;&#xE2D;&#xE33;&#xE19;&#xE32;&#xE08;&#xE28;&#xE32;&#xE25; (&#xE21;.22, 24) -- &#xE01;&#xE32;&#xE23;&#xE1F;&#xE49;&#xE2D;&#xE07;&#xE04;&#xE14;&#xE35;&#xE2D;&#xE32;&#xE0D;&#xE32; (&#xE21;.28 - 38) -- &#xE2A;&#xE34;&#xE17;&#xE18;&#xE34;&#xE19;&#xE33;&#xE04;&#xE14;&#xE35;&#xE2D;&#xE32;&#xE0D;&#xE32;&#xE21;&#xE32;&#xE1F;&#xE49;&#xE2D;&#xE07;&#xE23;&#xE30;&#xE07;&#xE31;&#xE1A; (&#xE21;.39) -- &#xE04;&#xE14;&#xE35;&#xE41;&#xE1E;&#xE48;&#xE07;&#xE40;&#xE01;&#xE35;&#xE48;&#xE22;&#xE27;&#xE40;&#xE19;&#xE37;&#xE48;&#xE2D;&#xE07;&#xE01;&#xE31;&#xE1A;&#xE04;&#xE14;&#xE35;&#xE2D;&#xE32;&#xE0D;&#xE32; (&#xE21;.40 - 51) -- &#xE2B;&#xE21;&#xE32;&#xE22;&#xE08;&#xE31;&#xE1A; &#xE08;&#xE31;&#xE1A; (&#xE21;.66, 68, 78&#xE25; 80, 83, 84, 84/1, 117, 7/1) -- &#xE04;&#xE27;&#xE1A;&#xE04;&#xE38;&#xE21; &#xE02;&#xE31;&#xE07; (&#xE21;.71, 87, 88, 90) -- &#xE01;&#xE32;&#xE23;&#xE04;&#xE49;&#xE19; (&#xE21;.69, 70, 92, 96) -- &#xE01;&#xE32;&#xE23;&#xE1B;&#xE25;&#xE48;&#xE2D;&#xE22;&#xE0A;&#xE31;&#xE48;&#xE27;&#xE04;&#xE23;&#xE32;&#xE27; (&#xE21;.106 -119 &#xE17;&#xE27;&#xE34;) -- &#xE01;&#xE32;&#xE23;&#xE2A;&#xE2D;&#xE1A;&#xE2A;&#xE27;&#xE19; (&#xE21;.120 -156) -- &#xE01;&#xE32;&#xE23;&#xE1F;&#xE49;&#xE2D;&#xE07;&#xE04;&#xE14;&#xE35;&#xE2D;&#xE32;&#xE0D;&#xE32;&#xE41;&#xE25;&#xE30;&#xE44;&#xE15;&#xE48;&#xE2A;&#xE27;&#xE19;&#xE21;&#xE39;&#xE25;&#xE1F;&#xE49;&#xE2D;&#xE07; (&#xE21;.157 - 165) -- &#xE01;&#xE32;&#xE23;&#xE41;&#xE01;&#xE49;&#xE44;&#xE02;&#xE04;&#xE33;&#xE1F;&#xE49;&#xE2D;&#xE07; &#xE04;&#xE33;&#xE43;&#xE2B;&#xE49;&#xE01;&#xE32;&#xE23; (&#xE21;.163, 164) -- &#xE42;&#xE08;&#xE17;&#xE01;&#xE4C;&#xE44;&#xE21;&#xE48;&#xE21;&#xE32;&#xE15;&#xE32;&#xE21;&#xE01;&#xE33;&#xE2B;&#xE19;&#xE14;&#xE19;&#xE31;&#xE14; &#xE04;&#xE14;&#xE35;&#xE21;&#xE35;&#xE21;&#xE39;&#xE25; (&#xE21;.166 -171) -- &#xE01;&#xE32;&#xE23;&#xE1E;&#xE34;&#xE08;&#xE32;&#xE23;&#xE13;&#xE32;&#xE04;&#xE14;&#xE35; (&#xE21;.172 -176) -- &#xE04;&#xE33;&#xE1E;&#xE34;&#xE1E;&#xE32;&#xE01;&#xE29;&#xE32;&#xE41;&#xE25;&#xE30;&#xE04;&#xE33;&#xE2A;&#xE31;&#xE48;&#xE07; (&#xE21;.182 -192) -- &#xE2D;&#xE38;&#xE17;&#xE18;&#xE23;&#xE13;&#xE4C; (&#xE21;.193 - 213) -- &#xE0E;&#xE35;&#xE01;&#xE32; (&#xE21;.216 - 224) -- &#xE04;&#xE14;&#xE35;&#xE28;&#xE32;&#xE25;&#xE25;&#xE07;&#xE42;&#xE17;&#xE29;&#xE1B;&#xE23;&#xE30;&#xE2B;&#xE32;&#xE23;&#xE0A;&#xE35;&#xE27;&#xE34;&#xE15;&#xE2B;&#xE23;&#xE37;&#xE2D;&#xE08;&#xE33;&#xE04;&#xE38;&#xE01;&#xE15;&#xE25;&#xE2D;&#xE14;&#xE0A;&#xE35;&#xE27;&#xE34;&#xE15; (&#xE21;.245 &#xE27;.2).</subfield>
  </datafield>
  <datafield tag="650" ind1="0" ind2="4">
    <subfield code="a">&#xE01;&#xE0E;&#xE2B;&#xE21;&#xE32;&#xE22;&#xE27;&#xE34;&#xE18;&#xE35;&#xE1E;&#xE34;&#xE08;&#xE32;&#xE23;&#xE13;&#xE32;&#xE04;&#xE27;&#xE32;&#xE21;&#xE2D;&#xE32;&#xE0D;&#xE32;</subfield>
  </datafield>
  <datafield tag="650" ind1="0" ind2="4">
    <subfield code="a">&#xE27;&#xE34;&#xE18;&#xE35;&#xE1E;&#xE34;&#xE08;&#xE32;&#xE23;&#xE13;&#xE32;&#xE04;&#xE27;&#xE32;&#xE21;&#xE2D;&#xE32;&#xE0D;&#xE32;</subfield>
    <subfield code="9">1089</subfield>
  </datafield>
  <datafield tag="850" ind1=" " ind2=" ">
    <subfield code="a">NALT</subfield>
  </datafield>
  <datafield tag="942" ind1=" " ind2=" ">
    <subfield code="c">LB</subfield>
    <subfield code="2">local</subfield>
  </datafield>
  <datafield tag="996" ind1=" " ind2=" ">
    <subfield code="a">bkk407106</subfield>
    <subfield code="b">LIBSTF</subfield>
    <subfield code="c">2025-11-21</subfield>
  </datafield>
  <datafield tag="999" ind1=" " ind2=" ">
    <subfield code="c">50629</subfield>
    <subfield code="d">50629</subfield>
  </datafield>
  <datafield tag="998" ind1=" " ind2=" ">
    <subfield code="j">111</subfield>
    <subfield code="k"> &#xE19;&#xE32;&#xE07;&#xE2A;&#xE32;&#xE27;&#xE1E;&#xE08;&#xE1E;&#xE34;&#xE13;  &#xE1E;&#xE23;&#xE21;&#xE40;&#xE2D;&#xE35;&#xE48;&#xE22;&#xE21;</subfield>
  </datafield>
  <datafield tag="952" ind1=" " ind2=" ">
    <subfield code="0">0</subfield>
    <subfield code="1">0</subfield>
    <subfield code="2">local</subfield>
    <subfield code="4">0</subfield>
    <subfield code="7">0</subfield>
    <subfield code="8">CLAW</subfield>
    <subfield code="a">NALT</subfield>
    <subfield code="b">NALT</subfield>
    <subfield code="c">LAW</subfield>
    <subfield code="d">2025-11-21</subfield>
    <subfield code="l">1</subfield>
    <subfield code="o">KT 60 &#xE2A;284&#xE01; 2550</subfield>
    <subfield code="p">3961164857</subfield>
    <subfield code="r">2025-11-25 00:00:00</subfield>
    <subfield code="s">2025-11-21</subfield>
    <subfield code="t">&#xE09;. 3</subfield>
    <subfield code="w">2017-06-09</subfield>
    <subfield code="y">LB</subfield>
  </datafield>
  <datafield tag="952" ind1=" " ind2=" ">
    <subfield code="0">0</subfield>
    <subfield code="1">0</subfield>
    <subfield code="2">local</subfield>
    <subfield code="4">0</subfield>
    <subfield code="7">0</subfield>
    <subfield code="8">CLAW</subfield>
    <subfield code="a">NALT</subfield>
    <subfield code="b">NALT</subfield>
    <subfield code="c">LAW</subfield>
    <subfield code="d">2025-11-21</subfield>
    <subfield code="l">1</subfield>
    <subfield code="o">KT 60 &#xE2A;284&#xE01; 2550</subfield>
    <subfield code="p">3961164856</subfield>
    <subfield code="r">2025-11-25 00:00:00</subfield>
    <subfield code="s">2025-11-25</subfield>
    <subfield code="t">&#xE09;. 2</subfield>
    <subfield code="w">2017-06-09</subfield>
    <subfield code="y">LB</subfield>
  </datafield>
  <datafield tag="952" ind1=" " ind2=" ">
    <subfield code="0">0</subfield>
    <subfield code="1">0</subfield>
    <subfield code="2">local</subfield>
    <subfield code="4">0</subfield>
    <subfield code="7">0</subfield>
    <subfield code="8">CLAW</subfield>
    <subfield code="a">NALT</subfield>
    <subfield code="b">NALT</subfield>
    <subfield code="c">LAW</subfield>
    <subfield code="d">2025-11-21</subfield>
    <subfield code="l">1</subfield>
    <subfield code="o">KT 60 &#xE2A;284&#xE01; 2550</subfield>
    <subfield code="p">3961164855</subfield>
    <subfield code="r">2025-11-25 00:00:00</subfield>
    <subfield code="s">2025-11-25</subfield>
    <subfield code="t">&#xE09;. 1</subfield>
    <subfield code="w">2017-06-09</subfield>
    <subfield code="y">LB</subfield>
  </datafield>
</record>
